Statistics for Top 100 NBA Players: 2016-17 Season

Click here to take the quiz!

General Stats

  • This quiz has been taken 3,342 times
    (2,940 since last reset)
  • The average score is 63 of 100

Answer Stats

#TeamPositionPlayer% Correct
1CavaliersSFLeBron James
100%
2WarriorsSFKevin Durant
99%
5ThunderPGRussell Westbrook
99%
3WarriorsPGSteph Curry
99%
4ClippersPGChris Paul
98%
7RocketsSGJames Harden
98%
8PelicansPFAnthony Davis
96%
13WarriorsPFDraymond Green
95%
9PacersSFPaul George
95%
10ClippersPFBlake Griffin
94%
69SpursSGDanny Green
94%
6SpursSGKawhi Leonard
93%
19WarriorsSGKlay Thompson
93%
12KingsCDeMarcus Cousins
92%
17WizardsPGJohn Wall
92%
14RaptorsPGKyle Lowry
92%
52CavaliersPFTristan Thompson
92%
23TimberwolvesCKarl-Anthony Towns
91%
25CavaliersPGKyrie Irving
91%
21Trail BlazersPGDamian Lillard
90%
22GrizzliesCMarc Gasol
90%
24KnicksSFCarmelo Anthony
89%
20ClippersCDeAndre Jordan
89%
16BullsSFJimmy Butler
89%
41SpursCPau Gasol
89%
30CavaliersPFKevin Love
87%
18CelticsCAl Horford
84%
31MavericksPFDirk Nowitzki
84%
11SpursPFLaMarcus Aldridge
84%
46RaptorsSGDeMar DeRozan
83%
26GrizzliesPGMike Conley
83%
29PistonsCAndre Drummond
82%
36HornetsPGKemba Walker
82%
33JazzCRudy Gobert
82%
32BullsSGDwayne Wade
81%
27JazzSFGordon Hayward
81%
15HawksPFPaul Millsap
80%
38NetsCBrook Lopez
78%
45CelticsPGIsaiah Thomas
78%
82BullsCRobin Lopez
77%
40ThunderCSteven Adams
77%
34HawksCDwight Howard
76%
35HeatCHassan Whiteside
76%
58WizardsSGBradley Beal
71%
100SunsSGDevin Booker
70%
37HeatPFChris Bosh
65%
50Trail BlazersSGC.J. McCollum
64%
49SunsPGEric Bledsoe
64%
39BucksSGKhris Middleton
64%
96CavaliersSGJ.R. Smith
61%
99MagicPFAaron Gordon
59%
61HeatPGGoran Dragic
59%
67TimberwolvesSFAndrew Wiggins
58%
28JazzPFDerrick Favors
58%
78NuggetsCNikola Jokic
58%
54PistonsPGReggie Jackson
58%
44WarriorsSFAndre Iguodala
57%
55WizardsCMarcin Gortat
57%
42MagicPFSerge Ibaka
57%
59ClippersSGJ.J. Redick
54%
68KnicksPFKristaps Porzingis
53%
71TimberwolvesPGRicky Rubio
52%
48BucksSFGiannis Antetokounmpo
51%
57PacersPGJeff Teague
51%
74ThunderSGVictor Oladipo
51%
53CelticsSFJae Crowder
50%
43HornetsSFNicolas Batum
50%
56JazzPGGeorge Hill
49%
75MagicCNikola Vucevic
48%
72CelticsSGAvery Bradley
47%
79RocketsCClint Capela
47%
64GrizzliesPFZach Randolph
47%
86CelticsPFAmir Johnson
44%
65HornetsSFMarvin Williams
43%
88ThunderCEnes Kanter
42%
70HawksSGKyle Korver
42%
80KingsSFRudy Gay
42%
47NuggetsSFDanilo Gallinari
41%
97SpursSGManu Ginobili
39%
62RaptorsCJonas Valanciunas
38%
77PistonsSFTobias Harris
38%
81RocketsSFTrevor Ariza
37%
51GrizzliesSFChandler Parsons
35%
66PacersPFThaddeus Young
35%
73RaptorsSFDeMarre Carroll
31%
89RocketsPFRyan Anderson
31%
98SunsPGBrandon Knight
30%
63BucksPFGreg Monroe
30%
8476ersPFNerlens Noel
30%
87NuggetsPFKenneth Faried
29%
60LakersPFLuol Deng
29%
95MagicSGEvan Fournier
28%
90HawksSFKent Bazemore
25%
83MavericksCAndrew Bogut
24%
93Trail BlazersCMason Plumlee
24%
92MavericksSGWesley Matthews
23%
85JazzSFRodney Hood
22%
91MagicCBismack Biyombo
19%
94HornetsPFCody Zeller
18%
76WizardsCIan Mahinmi
13%

Score Distribution

Percentile by Number Answered

Percent of People with Each Score

Your Score History

You have not taken this quiz since the last reset